| 000 | 01132nam a2200277 a 4500 | ||
|---|---|---|---|
| 003 | DO-SdBNP | ||
| 005 | 20230908151502.0 | ||
| 007 | ta | ||
| 008 | 221019e2006 dr aoc|dr|||| 001 0 spa d | ||
| 020 | _a8466739408 | ||
| 040 |
_aDO-SdBNP _bspa _cBNPHU |
||
| 082 | 4 |
_222 _a371.0712 _bS232f |
|
| 100 | 1 |
_953515 _aSantana Cordero, Loida Altagracia |
|
| 245 | 1 | 0 |
_aFormación integral humana y religiosa 1: _bnivel medio. / _cLoida Altagracia Santana Cordero |
| 250 | _a2da. ed. | ||
| 260 |
_aSanto Domingo : _bAnaya, _c2006 |
||
| 300 |
_a149 p. : _bil., forograf., retr. _c28 cm. |
||
| 504 | _aBibliografía : p. 150- 152 | ||
| 505 |
_aEje temáticco : Juventud y Situación Actual. Búsqueda y Respuesta. _t1. ¿Cuál es mi papel en el mundo?-- _t2. Así vive la juventud.-- _t3. ¿En qué mundo vivimos? _t4. Construyamos un mundo nuevo. |
||
| 590 | _aInventariado 2022 / MF | ||
| 650 | 4 |
_aEducación religiosa _zRepública Dominicana _976954 |
|
| 650 | 4 |
_aEducación religiosa _xEnseñanza elemental _zRepública Dominicana _982544 |
|
| 650 | 4 |
_aEducación religiosa _xLibros texto _976956 |
|
| 910 | _aMFeliz | ||
| 942 |
_2ddc _cLBS1 |
||
| 999 |
_c52576 _d52576 |
||